00824nam a2200217 a 450000100100000000500170001000800410002702000150006804000250008308200170010810000270012524501710015226000290032330000210035249000160037370000250038970000360041483000230045095201160047399900170058900003037420200930062259.0100804t1991 sp 000 0 spa d z8423919943 aDO-SdBNPbspacBNPHU axxxxxbxxxxx1 aMaría, José93648813aRealidad y mito de la primera república :bdel gran miedo meridional a la autopía de Galdós /cJosé María, Jover Samora ; prólogo José Antonio Galdós. aMadrid :bEspasa,c1991. a215 p. ;c18 cm.1 aAstralv1941 aSamora, Jover9570161 aGaldós, José Antonio957017 0aAstraln194957018 0010507-18MOaGRbGRcOId2011-05-12iLF1l0oxxxxx xxxxxp30374-10r2020-06-25w2020-06-25y1ZNo se presta c29866d29866